LEADER 02405oas 2200937 a 450 001 9910130551103321 005 20250722213020.0 011 $a2153-0416 035 $a(DE-599)ZDB2174153-0 035 $a(OCoLC)52720042 035 $a(CONSER) 2004235669 035 $a(CKB)110978978190840 035 $a(EXLCZ)99110978978190840 100 $a20030725a19799999 uy a 101 0 $aeng 135 $aur||||||||||| 181 $ctxt$2rdacontent 182 $cc$2rdamedia 183 $acr$2rdacarrier 200 10$aCrime and justice 210 $aChicago, Ill. $cUniversity of Chicago Press$d©1979- 300 $aRefereed/Peer-reviewed 300 $aAn annual review of research. 311 08$a0192-3234 517 1 $aCrime and justice: a review of research 517 1 $aCRIMEJ 606 $aCrime$vPeriodicals 606 $aCriminal justice, Administration of$vPeriodicals 606 $a71.65 criminality as a social problem$2bcl 606 $aKryminologia$2dbn 606 $aCrime$2fast$3(OCoLC)fst00882984 606 $aCriminal justice, Administration of$2fast$3(OCoLC)fst00883246 606 $a71.65 criminality as a social problem$2nbc 608 $aCzasopismo kryminologiczne.$2dbn 608 $aPeriodicals.$2fast 608 $aPeriodicals.$2lcgft 615 0$aCrime 615 0$aCriminal justice, Administration of 615 7$a71.65 criminality as a social problem. 615 7$aKryminologia. 615 7$aCrime. 615 7$aCriminal justice, Administration of. 615 7$a71.65 criminality as a social problem. 676 $a364 676 $a364 801 0$bHUA 801 1$bHUA 801 2$bOCLCQ 801 2$bEYM 801 2$bOCLCQ 801 2$bEYM 801 2$bOCLCQ 801 2$bHUL 801 2$bOCLCQ 801 2$bDLC 801 2$bOCLCQ 801 2$bTXA 801 2$bOCLCQ 801 2$bGBVCP 801 2$bOCLCQ 801 2$bOCLCF 801 2$bOCLCO 801 2$bOCLCQ 801 2$bDEBBG 801 2$bLVT 801 2$bVGL 801 2$bUUM 801 2$bOCLCQ 801 2$bVT2 801 2$bIBQ 801 2$bOCLCQ 801 2$bUKSSU 801 2$bUBY 801 2$bOCLCO 801 2$bOCLCQ 801 2$bOCLCL 801 2$bOCLCQ 906 $aJOURNAL 912 $a9910130551103321 996 $aCrime and justice$91983414 997 $aUNINA LEADER 04508nam 22007575 450 001 9910373958503321 005 20251212172718.0 010 $a3-030-29271-1 024 7 $a10.1007/978-3-030-29271-3 035 $a(CKB)4940000000159051 035 $a(MiAaPQ)EBC6005154 035 $a(DE-He213)978-3-030-29271-3 035 $a(PPN)242846734 035 $a(EXLCZ)994940000000159051 100 $a20200101d2020 uy 0 101 0 $aeng 135 $aurcnu|||||||| 181 $ctxt$2rdacontent 182 $cc$2rdamedia 183 $acr$2rdacarrier 200 10$aBuilding a clinical practice /$fedited by Tracy S. Wang, Adam W. Beck 205 $a1st ed. 210 1$aCham :$cSpringer International Publishing :$cImprint: Springer,$d2020. 215 $a1 online resource xiv, 254 pages) $cillustrations (some color) 225 1 $aSuccess in Academic Surgery,$x2194-7481 311 08$a3-030-29270-3 311 08$aPrint version: Wang, Tracy S. Building a Clinical Practice. Cham : Springer, ©2020 9783030292706 320 $aIncludes bibliographical references and index. 327 $a1. Clinical practice in the context of an academic career -- 2. Framing your academic career early -- 3. Financial considerations -- 4. Balance with being clinical and saying yes -- 5. Specialty-specific considerations -- 6. ?Availability, Ability, and Affability? -- 7. Relationships within your department/institution -- 8. Building multidisciplinary programs -- 9. Basic science lab with clinical practice -- 10. Health services research / clinical practice -- 11. Education / clinical practice -- 12. Clinical trials / clinical practice -- 13. When to Say Yes or No (academic activities) -- 14. Joining and become involved with surgical societies -- 15. Understanding Finances of Medicine -- 16. Building relationships with hospital administrators -- 17. New technologies ? learning/utilizing/how to bring innovation to a hospital -- 18. VA -- 19. Community-affiliated academics -- 20. County Hospitals -- 21. Balancing multi-site practices/outreach in academics -- 22. Cardiothoracic -- 23. Vascular -- 24. Endocrine -- 25. Robotic surgery -- 26. Colorectal -- 27. Bariatrics -- 28. Breast -- 29. Transplant -- 30. Surgical Oncology -- 31. Pediatric Surgery -- 32. Trauma/ACS. 330 $aThis book provides an overview of the unique aspects related to a university based clinical practice. The development of relationships with senior colleagues and referring providers, building multidisciplinary programs within an academic institution, financing of academic medicine, and issues specific to the speciality are discussed. Building a Clinical Practice aims to highlight the importance of developing a successful clinical practice in an academic setting and to help guide readers through the challenges associated with that process. This book is relevant to senior surgical trainees and young surgical faculty who are facing the challenges associated with developing a clinical practice. 410 0$aSuccess in Academic Surgery,$x2194-7481 606 $aSurgery$xPractice 606 $aAcademic medical centers 606 $aMedical education 606 $aNational health services$xResearch 606 $aCareer development 606 $aSurgery 606 $aSurgeons$3(DNLM)D066231 606 $aAcademic Medical Centers$3(DNLM)D000046 606 $aProfessional Practice$3(DNLM)D011364 606 $aPhysician's Role$3(DNLM)D010819 606 $aInterdisciplinary Communication$3(DNLM)D033183 606 $aFaculty, Medical$3(DNLM)D005180 606 $aGeneral Surgery$3(DNLM)D013502 606 $aEducation, Medical$3(DNLM)D004501 615 0$aSurgery$xPractice. 615 0$aAcademic medical centers. 615 0$aMedical education. 615 0$aNational health services$xResearch. 615 0$aCareer development. 615 0$aSurgery. 615 12$aSurgeons. 615 12$aAcademic Medical Centers. 615 22$aProfessional Practice. 615 22$aPhysician's Role. 615 22$aInterdisciplinary Communication. 615 22$aFaculty, Medical. 615 2$aGeneral Surgery. 615 2$aEducation, Medical. 676 $a617.0071 702 $aWang$b Tracy S.$4edt$4http://id.loc.gov/vocabulary/relators/edt 702 $aBeck$b Adam W.$4edt$4http://id.loc.gov/vocabulary/relators/edt 906 $aBOOK 912 $a9910373958503321 996 $aBuilding a Clinical Practice$92084554 997 $aUNINA